Tout les hommes du match de la 3ème journée de l'Euro 2024 - Statistiques

Statistiques générales
  • Ce quiz a été pris 25 fois
  • Le résultat moyen est 5 sur 12
Statistiques - réponses
Match Joueur du match % Correct
Croatie 1 - 1 Italie Luka Modrić
82%
Géorgie 2 - 0 Portugal Khvicha Kvaratskhelia
73%
Pays-Bas 2 - 3 Autriche Marcel Sabitzer
73%
Ukraine 0 - 0 Belgique Kevin de Bruyne
59%
Albanie 0 - 1 Espagne Ferran Torres
50%
Danemark 0 - 0 Serbie Christian Eriksen
36%
Suisse 1 - 1 Allemagne Granit Xhaka
32%
France 1 - 1 Pologne Łukasz Skorupski
32%
Slovaquie 1 - 1 Roumanie Stanislav Lobotka
23%
République Tchèque 1 - 2 Turquie Barış Alper Yılmaz
5%
Écosse 0 - 1 Hongrie Roland Sallai
5%
Angleterre 0 - 0 Slovénie Adam Gnezda Čerin
0%
Aucun quiz correspondant
Distribution des résultats
% des personnes avec chaque résultat
Percentile par nombre de réponses
Votre historique - résultats
Vous n’avez pas pris ce quiz